000 00754cam a2200229 a 4500
001 000019215
005 20200929165943.0
008 840303s1969 ve 000 0 spa d
040 _aDO-SdBNP
_bspa
_cLC
_dBNPHU
050 0 0 _aPC4027
_b.R6
082 _ann*
_bR813p, 1969
100 1 _aRosenblat, Angel.
_928168
245 1 3 _aLa primera visión de América y otros estudios /
_cAngel Rosenblat.
260 _aCaracas :
_bMinisterio de Educación, Dirección Técnica, Departamento de Publicaciones,
_c1969.
300 _a272 p. ;
_c20 cm.
490 1 _aVigilia,
_v8
650 0 _aSpanish philology.
_939599
651 0 _aLatin America
_xCivilization.
_935143
830 0 _aVigilia ;
_v8
_916675
910 _aCatalogación derivada / LC
049 _aBNGR
999 _c18733
_d18733